United Nations of ...Texas? Quiz Stats

 Plays Quiz not verified by Sporcle

Score 0/12 Timer 04:00
0 Plays Today
location of Town Town/Country Name % Correct
Ellis CountyItaly
73.4%
Jefferson CountyChina
70.7%
Ellis CountyIndia
54.7%
Wharton CountyEgypt
52.3%
Coryell CountyIreland
51.2%
McCulloch CountySweden
49.2%
Hall CountyTurkey
48.8%
Live Oak CountyCuba
44.1%
Anderson CountyDenmark
41.4%
Lamar CountyGeorgia
30.1%
Lamb CountySudan
16.4%
Bowie CountyMalta
14.8%

You're not logged in!

Compare scores with friends on all Sporcle quizzes.
OR
Log In

Show Comments

Extras

Top Quizzes Today


Score Distribution

Your Account Isn't Verified!

In order to create a playlist on Sporcle, you need to verify the email address you used during registration. Go to your Sporcle Settings to finish the process.

Report this User

Report this user for behavior that violates our Community Guidelines.

Details: